000 00945nam0a22002291i 4500
001 rc\4498461
005 20240724172857.0
021 _aRU
_b[67-96112]
035 _a(NLR Aleph) 008341619
090 _a8881017
_c8881017
100 _a20130416d1967 |||y0rusy50 ca
101 0 _arus
102 _aRU
105 _ay d |||||
200 1 _aВлияние растительного белкового корма на организм цыплят и кур русской белой породы в условиях Юга Украины
_e(№ 553 - Частная зоотехния)
_eАвтореферат дис. на соискание учен. степени канд. с.-х. наук
_fБелоцерков. с.-х. ин-т
210 _aБелая Церковь
_d1967
215 _a23 с.
700 1 _aКоновалова
_bЛ.А.
801 0 _aRU
_bNLR
_gpsbo
801 1 _aRU
_bELAR
_2rusmarc
852 _aNLR
_j68-4/1086
942 _cBOOK